Las políticas exteriores centroamericanas y las políticas internacionales hacia Centroamérica /

Gardado en:
Detalles Bibliográficos
Autor Principal: Rojas Aravena, Francisco
Autor Corporativo: Universidad Nacional. Escuela de Relaciones Internacionales
Outros autores: comp
Formato: Texto
Publicado: Heredia: UNA
Etiquetas: Engadir etiqueta
Sen Etiquetas, Sexa o primeiro en etiquetar este rexistro!

MARC

LEADER 00000 a a2200000 04500
001 20843
003
040
090 |a 089207  
100 |a Rojas Aravena, Francisco  
110 |a Universidad Nacional. Escuela de Relaciones Internacionales  
245 |a Las políticas exteriores centroamericanas y las políticas internacionales hacia Centroamérica /  |c Francisco Rojas Aravena  
260 |a Heredia:   |b UNA  
300 |a 392 p.  
700 |a comp.  
999 |c 16407  |d 16407